| 000 | 00829cam a22002055a 4500 | ||
|---|---|---|---|
| 001 | L156336 | ||
| 008 | 120514s1869 xxk f 000 0 eng d | ||
| 035 | _a(Sirsi) u156336 | ||
| 041 | 0 | _aeng | |
| 100 | 1 |
_aIngram, T. Dunbar _q(Thomas Dunbar) _d1826-1901 |
|
| 245 | 0 | 0 |
_aCompensation to land and house owners _bbeing a treatise on the law of the compensation for interests in lands, &c. payable by railway and other public companies ; with an appendix of forms and statutes _cby Thomas Dunbar Ingram |
| 250 |
_a2d ed. _bby J. J. Elmes |
||
| 260 |
_aLondon _bButterworths _c1869 |
||
| 300 |
_axxiii, 404 p. _bforms _c21 cm. |
||
| 583 |
_aCondition reviewed _c20120620 _lcondition level 1 |
||
| 651 | 4 |
_aGreat Britain _y1707- |
|
| 690 |
_aCompulsory purchase _96228 |
||
| 700 | 1 |
_aElmes, J. J. _q(John James) _d1831-1888 |
|
| 942 | _n0 | ||
| 999 |
_c114191 _d114191 |
||